<?xml version="1.0" encoding="UTF-8"?>
<collection xmlns="http://www.loc.gov/MARC21/slim">
  <record>
    <leader>00000nam  2200000   4500</leader>
    <controlfield tag="001">INLIS000000000002685</controlfield>
    <controlfield tag="005">20201105082747</controlfield>
    <datafield tag="035" ind1="#" ind2="#">
      <subfield code="a">0010-061300000002685</subfield>
    </datafield>
    <controlfield tag="008">201105################g##########0#ind##</controlfield>
    <datafield tag="041" ind1="#" ind2="#">
      <subfield code="a">Ind</subfield>
    </datafield>
    <datafield tag="082" ind1="#" ind2="#">
      <subfield code="a">320.1</subfield>
    </datafield>
    <datafield tag="090" ind1="#" ind2="#">
      <subfield code="a">320.1, Cha n</subfield>
    </datafield>
    <datafield tag="100" ind1="#" ind2="#">
      <subfield code="a">Al-Chaidar</subfield>
    </datafield>
    <datafield tag="245" ind1="1" ind2="#">
      <subfield code="a">Negara madinah :</subfield>
      <subfield code="b">Refleksi tentang agama dan pluralisme /</subfield>
      <subfield code="c">Al-Chaidar, editor,Zulfikar Salahudin</subfield>
    </datafield>
    <datafield tag="260" ind1="#" ind2="#">
      <subfield code="a">Jakarta :</subfield>
      <subfield code="b">Madani Press,</subfield>
      <subfield code="c">2000</subfield>
    </datafield>
    <datafield tag="300" ind1="#" ind2="#">
      <subfield code="a">92 hlm, ;</subfield>
      <subfield code="c">21 x 15 cm.</subfield>
    </datafield>
    <datafield tag="650" ind1="#" ind2="4">
      <subfield code="a">Negara</subfield>
    </datafield>
    <datafield tag="700" ind1=" " ind2="#">
      <subfield code="a">Salahudin, Zulfikar</subfield>
    </datafield>
    <datafield tag="850" ind1="#" ind2="#">
      <subfield code="a">NBPNMAT</subfield>
    </datafield>
    <datafield tag="084" ind1="#" ind2="#">
      <subfield code="a">320.1 Cha n</subfield>
    </datafield>
    <datafield tag="990" ind1="#" ind2="#">
      <subfield code="a">DW00009408</subfield>
    </datafield>
    <datafield tag="990" ind1="#" ind2="#">
      <subfield code="a">153.494 pro.2000</subfield>
    </datafield>
    <datafield tag="990" ind1="#" ind2="#">
      <subfield code="a">153.495 pro.2000</subfield>
    </datafield>
    <datafield tag="990" ind1="#" ind2="#">
      <subfield code="a">DW00009411</subfield>
    </datafield>
    <datafield tag="990" ind1="#" ind2="#">
      <subfield code="a">153.496/pro-2000</subfield>
    </datafield>
  </record>
</collection>
